| 000 | 01258nam a2200229 a 4500 | ||
|---|---|---|---|
| 008 | 061213s1996 ||||||||||||||||| || u | ||
| 020 | _a002803287X | ||
| 050 | _aPE 1479.B87 Sab | ||
| 100 | _aSabin, William A | ||
| 245 | 1 | 4 | _aThe Gregg reference manual |
| 250 | _a8th ed. | ||
| 260 |
_aNew York: _bGlencoe /MCgraw-Hill _c1996 |
||
| 300 | _axxxiv, 556p.:ill. | ||
| 350 | _a0.00 | ||
| 650 | _aENGLISH--DICTIONARIES | ||
| 650 | _aENGLISH LANGUAGE--GRAMMAR--CONGRESSES | ||
| 650 | _aENGLISH LANGUAGE--BUSINESS ENGLISH--HANDBOOKS, MANUALS, ETC | ||
| 995 |
_aANNEX COLLECTION (Main Library) _D0.00 _e737152 _FCBU-MAIN LIBRARY (Kitwe) _H1 _I0.00 _jPE 1479.B87 Sab _M3 _UAVAILABLE _WDec 14, 2006 _y41463 _ZAnnex Low-Usage Collection |
||
| 995 |
_aMAIN LIBRARY OPEN ACCESS _D0.00 _e737151 _FCBU-MAIN LIBRARY (Kitwe) _H1 _I0.00 _jPE 1479.B87 Sab _M2 _UAVAILABLE _WDec 14, 2006 _y41461 _ZMain Library Open Access Collection |
||
| 995 |
_aANNEX COLLECTION (Main Library) _D0.00 _e737153 _FCBU-MAIN LIBRARY (Kitwe) _H1 _I0.00 _jPE 1479.B87 Sab _M4 _UAVAILABLE _WDec 14, 2006 _y41466 _ZAnnex Low-Usage Collection |
||
| 995 |
_aMAIN LIBRARY OPEN ACCESS _D0.00 _e737150 _FCBU-MAIN LIBRARY (Kitwe) _H1 _I0.00 _jPE 1479.B87 Sab _M1 _UAVAILABLE _WDec 14, 2006 _y41464 _ZMain Library Open Access Collection |
||
| 999 |
_c76012 _d76012 |
||